01358naa#a2200217#i#4500001001600000005001700016011001400033100004100047102000700088200041300095210016900508215001000677608004500687675009300732700006800825700006000893700005800953700005601011700005201067856002101119RU\\bibl\11935720260417075958.5##a2311-8873##a20260410b2026####ek#y0rusy0150####ca##aRU1#aЭКСПЕРИМЕНТАЛЬНОЕ ОПРЕДЕЛЕНИЕ ВЛИЯНИЯ ИЗМЕНЕНИЯ ЭФФЕКТИВНОЙ ЭЛЕКТРОПРОВОДНОСТИ ЭЛЕКТРОЛИТА И ВЫХОДА ПО ТОКУ МЕТАЛЛА НА ЛОГАРИФМИЧЕСКИЙ ИНДЕКС РАССЕИВАНИЯ ПРИ ЭЛЕКТРОХИМИЧЕСКОЙ РАЗМЕРНОЙ ОБРАБОТКЕeЖурнальная статья1#aВоронежcВоронежский государственный лесотехнический университет имени Г.Ф. Морозоваd2026##a6 с.##aЖурнальная статья2local##aХимическая и электрохимическая обработка. 621.9.047#1aБолдыревgАлександр Александрович#1aГригорашgВладимир Васильевич#1aБолдыревgАлександр Иванович#1aПадурецgАнна Александровна#1aПероваgАлла Владимировна4#avntv.editorum.ru